| 000 | 00481nam a2200181Ia 4500 | ||
|---|---|---|---|
| 005 | 20250317123317.0 | ||
| 008 | 008 250317s9999 xx 000 0 eng d | ||
| 037 | _aTextbook | ||
| 040 |
_aFMSL _beng _cFMSL |
||
| 041 |
_aeng _2eng |
||
| 084 |
_aB287 K7 _qFMSL |
||
| 100 |
_aConway R W _9735624 |
||
| 245 | 0 | _aTheory of scheduling | |
| 260 |
_aNY _bNY, Addison-Wesley _c1967 |
||
| 300 | _a294p | ||
| 942 |
_cTB _hB287 K7 |
||
| 999 |
_c1250752 _d1250752 |
||